| 000 | 00568nam a22002177a 4500 | ||
|---|---|---|---|
| 003 | OSt | ||
| 005 | 20140310182802.0 | ||
| 008 | 130213t xxu||||| |||| 00| 0 eng d | ||
| 020 | _a9812532854 | ||
| 050 |
_aQD 45 _b.H468 2007 |
||
| 082 |
_aM 543 _bF771 2007 |
||
| 245 |
_aFoundations of chemistry in the laboratory _cHein, Morris |
||
| 260 |
_aHoboken, NJ _bJohn Wiley & Sons _cc2007 |
||
| 300 |
_a330 p. _c 28 cm. |
||
| 521 | _acollege students | ||
| 526 | _c1210L-1700L | ||
| 541 | _j1 | ||
| 541 | _j2 | ||
| 562 | _e2 | ||
| 942 |
_2lcc _cBK _kM |
||
| 999 |
_c16004 _d16004 |
||